Élettörténet, identitás és mezőgazdaság egy topolyai gazda példája : [absztrakt] /

Elmentve itt :
Bibliográfiai részletek
Szerző: Bakos Lilla
Testületi szerző: Tanszéki hagyományok és változó világok : néprajz és antropológia szakos hallgatók konferenciája
Dokumentumtípus: Könyv része
Megjelent: SZTE BTK Néprajzi és Kulturális Antropológiai Tanszék Szeged 2022
Sorozat:Tanszéki hagyományok és változó világok : néprajz és antropológia szakos hallgatók konferenciája
Kulcsszavak:Néprajzi kutatás - Vajdaság - interjú - előadáskivonat, Mezőgazdaság - Vajdaság - előadáskivonat, Népi gazdálkodás - Vajdaság - előadáskivonat
Tárgyszavak:
Online Access:http://acta.bibl.u-szeged.hu/77403
LEADER 01169naa a2200217 i 4500
001 acta77403
005 20221128145110.0
008 221128s2022 hu o 1|| hun d
020 |a 978-963-306-861-8 
040 |a SZTE Egyetemi Kiadványok Repozitórium  |b hun 
041 |a hun 
100 1 |a Bakos Lilla 
245 1 0 |a Élettörténet, identitás és mezőgazdaság  |h [elektronikus dokumentum] :  |b egy topolyai gazda példája : [absztrakt] /  |c  Bakos Lilla 
260 |a SZTE BTK Néprajzi és Kulturális Antropológiai Tanszék  |b Szeged  |c 2022 
300 |a 12 
490 0 |a Tanszéki hagyományok és változó világok : néprajz és antropológia szakos hallgatók konferenciája 
650 4 |a Társadalomtudományok 
650 4 |a Szociológia 
695 |a Néprajzi kutatás - Vajdaság - interjú - előadáskivonat, Mezőgazdaság - Vajdaság - előadáskivonat, Népi gazdálkodás - Vajdaság - előadáskivonat 
711 |a Tanszéki hagyományok és változó világok : néprajz és antropológia szakos hallgatók konferenciája  |c Szeged  |d 2022. április 29-30. 
856 4 0 |u http://acta.bibl.u-szeged.hu/77403/1/thvv_neprajz_konferencia_2022_012.pdf  |z Dokumentum-elérés